Property Times Singapore Residential Demand (Record no. 119371)
[ view plain ]
| 000 -LEADER | |
|---|---|
| fixed length control field | 01087cas a22002175a 4500 |
| 008 - FIXED-LENGTH DATA ELEMENTS--GENERAL INFORMATION | |
| fixed length control field | 120330c2010 xxkar ss eng u |
| 035 ## - SYSTEM CONTROL NUMBER | |
| System control number | (Sirsi) u155660 |
| 041 0# - LANGUAGE CODE | |
| Language code of text/sound track or separate title | eng |
| 110 2# - MAIN ENTRY--CORPORATE NAME | |
| Corporate name or jurisdiction name as entry element | DTZ |
| 245 00 - TITLE STATEMENT | |
| Title | Property Times Singapore Residential Demand |
| Medium | [electronic resource] |
| 260 ## - PUBLICATION, DISTRIBUTION, ETC. | |
| Place of publication, distribution, etc. | [S.l.] |
| Name of publisher, distributor, etc. | DTZ |
| Date of publication, distribution, etc. | 2010 |
| 362 0# - DATES OF PUBLICATION AND/OR SEQUENTIAL DESIGNATION | |
| Dates of publication and/or sequential designation | 2010- |
| 490 #0 - SERIES STATEMENT | |
| Series statement | DTZ Property Times Singapore Residential Demand |
| Volume/sequential designation | 2010 |
| 520 ## - SUMMARY, ETC. | |
| Summary, etc. | Provides provides an insight into the profiles of the buyers of private residential properties in Singapore both in the primary and secondary market s. The transactional demand analysis is based on caveats lodged for new and secondary sales. |
| 554 ## - | |
| -- | Four per year |
| 650 24 - SUBJECT ADDED ENTRY--TOPICAL TERM | |
| Topical term or geographic name entry element | DTZ Property Times Singapore Residential Demand |
| 651 #4 - SUBJECT ADDED ENTRY--GEOGRAPHIC NAME | |
| Geographic name | Singapore |
| 690 ## - LOCAL SUBJECT ADDED ENTRY--TOPICAL TERM (OCLC, RLIN) | |
| Topical term or geographic name as entry element | Residential property |
| 9 (RLIN) | 6266 |
| 856 40 - ELECTRONIC LOCATION AND ACCESS | |
| Uniform Resource Identifier | <a href="https://www.dtz.com/Global/Research">https://www.dtz.com/Global/Research</a> |
| Public note | View the report free of charge after free registration (tick Asia-Pacific on the geography tab, tick Singapore on the country tab, type residential in the keyword box and click on search) at www.dtz.com |
| 942 ## - ADDED ENTRY ELEMENTS (KOHA) | |
| Suppress in OPAC | 0 |
| Withdrawn status | Lost status | Source of classification or shelving scheme | Damaged status | Not for loan | Home library | Current library | Shelving location | Date acquired | Total Checkouts | Full call number | Barcode | Date last seen | Copy number | Price effective from | Koha item type |
|---|---|---|---|---|---|---|---|---|---|---|---|---|---|---|---|
| Dewey Decimal Classification | Virtual | Virtual | Online | 30/03/2012 | ONLINE PUBLICATION | 155660-2001 | 06/08/2019 | 1 | 06/08/2019 | Journal article |